| 000 -LEADER |
| fixed length control field |
02045nam a22002057a 4500 |
| 003 - CONTROL NUMBER IDENTIFIER |
| control field |
OSt |
| 005 - DATE AND TIME OF LATEST TRANSACTION |
| control field |
20230816092857.0 |
| 008 - FIXED-LENGTH DATA ELEMENTS--GENERAL INFORMATION |
| fixed length control field |
230816b ||||| |||| 00| 0 eng d |
| 020 ## - INTERNATIONAL STANDARD BOOK NUMBER |
| International Standard Book Number |
9780393353204 |
| 040 ## - CATALOGING SOURCE |
| Transcribing agency |
KH8 |
| 082 ## - DEWEY DECIMAL CLASSIFICATION NUMBER |
| Classification number |
900 TOL |
| 100 ## - MAIN ENTRY--PERSONAL NAME |
| Personal name |
Toll, Ian W., |
| Relator term |
author. |
| 245 ## - TITLE STATEMENT |
| Title |
The Conquering Tide: |
| Remainder of title |
War in the Pacific Islands, 1942–1944 / |
| Statement of responsibility, etc. |
Ian W. Toll. |
| 260 ## - PUBLICATION, DISTRIBUTION, ETC. |
| Place of publication, distribution, etc. |
New York: |
| Name of publisher, distributor, etc. |
W. W. Norton & Company, |
| Date of publication, distribution, etc. |
2016 |
| 300 ## - PHYSICAL DESCRIPTION |
| Extent |
688 pages: |
| Dimensions |
6.1 x 1.9 x 9.3 inches. |
| 440 ## - SERIES STATEMENT/ADDED ENTRY--TITLE |
| Title |
Pacific War Trilogy |
| 520 ## - SUMMARY, ETC. |
| Summary, etc. |
This masterful history encompasses the heart of the Pacific War―the period between mid-1942 and mid-1944―when parallel Allied counteroffensives north and south of the equator washed over Japan's far-flung island empire like a "conquering tide," concluding with Japan's irreversible strategic defeat in the Marianas. It was the largest, bloodiest, most costly, most technically innovative and logistically complicated amphibious war in history, and it fostered bitter interservice rivalries, leaving wounds that even victory could not heal.<br/><br/>Often overlooked, these are the years and fights that decided the Pacific War. Ian W. Toll's battle scenes―in the air, at sea, and in the jungles―are simply riveting. He also takes the reader into the wartime councils in Washington and Tokyo where politics and strategy often collided, and into the struggle to mobilize wartime production, which was the secret of Allied victory. Brilliantly researched, the narrative is propelled and colored by firsthand accounts―letters, diaries, debriefings, and memoirs―that are the raw material of the telling details, shrewd judgment, and penetrating insight of this magisterial history.<br/><br/>This volume―continuing the "marvelously readable dramatic narrative" (San Francisco Chronicle) of Pacific Crucible―marks the second installment of the Pacific War Trilogy, which will stand as the first history of the entire Pacific War to be published in at least twenty-five years. |
| 650 ## - SUBJECT ADDED ENTRY--TOPICAL TERM |
| Topical term or geographic name entry element |
History |
| Form subdivision |
War |
| 942 ## - ADDED ENTRY ELEMENTS (KOHA) |
| Source of classification or shelving scheme |
|
| Koha item type |
Teaching Resources |